[Event "Moscow Open A 2015"]
[Site "Moscow RUS"]
[Date "2015.02.07"]
[Round "8.82"]
[White "Tarasov, Oleg"]
[Black "Fakhrutdinov, Timur"]
[Result "1/2-1/2"]
[BlackTitle "FM"]
[WhiteElo "2247"]
[BlackElo "2352"]
[WhiteFideId "4162870"]
[BlackFideId "24176702"]
[EventDate "2015.01.31"]

1. e4 c5 2. c3 d5 3. exd5 Qxd5 4. d4 Nf6 5. Nf3 Bg4 6. dxc5 Qxc5 7. Na3 a6 8. h3
Bf5 9. Nc4 Nbd7 10. Qd4 Be4 11. Be3 Qxd4 12. Bxd4 Bxf3 13. gxf3 b5 14. Ne5 Nxe5
15. Bxe5 Nd7 16. Bc7 e6 17. Rg1 g6 18. a4 b4 19. Ba5 Ne5 20. O-O-O Nc6 21. cxb4
Bxb4 22. Bxb4 Nxb4 23. Rg4 a5 24. Bb5+ Kf8 25. Rc4 Kg7 26. Rd7 Rhc8 27. Rcc7
Rxc7+ 28. Rxc7 Nd5 29. Rd7 Rc8+ 30. Kb1 Nb4 31. Ra7 Rc2 32. Rxa5 Rxf2 33. Bc4
Rh2 34. b3 Rxh3 35. Rb5 Nc6 36. a5 Nxa5 37. Rxa5 Rxf3 38. Kc2 Kf6 39. Ra7 Ke5
40. Rd7 Rf4 41. Kc3 Rf3+ 42. Bd3 h5 43. b4 h4 44. b5 h3 45. Rd8 h2 46. Rh8 Kd6
47. Rxh2 e5 48. Rh4 f5 49. Rb4 e4 50. b6 Rxd3+ 51. Kc4 Ke5 52. b7 Rd8 53. b8=Q+
Rxb8 54. Rxb8 g5 55. Kc3 g4 56. Kd2 f4 1/2-1/2

[Event "Moscow Open A 2015"]
[Site "Moscow RUS"]
[Date "2015.02.07"]
[Round "8.83"]
[White "Torosyan, Norayr"]
[Black "Danielyan, Vahe"]
[Result "1-0"]
[WhiteElo "2349"]
[BlackElo "2140"]
[WhiteFideId "13300431"]
[BlackFideId "13304828"]
[EventDate "2015.01.31"]

1. Nf3 Nf6 2. g3 g6 3. Bg2 Bg7 4. O-O O-O 5. c4 d6 6. Nc3 Nc6 7. d3 e5 8. Rb1 a5
9. a3 Nd4 10. Nxd4 exd4 11. Nb5 Ng4 12. h3 c6 13. hxg4 cxb5 14. cxb5 Qb6 15. Bf3
Qxb5 16. Bf4 Be6 17. Bxd6 Rfc8 18. Bf4 Bb3 19. Qe1 g5 20. Bd2 Bc2 21. Rc1 h6 22.
b4 a4 23. Be4 Rc7 24. f4 Re8 25. fxg5 hxg5 26. Rf5 Qb6 27. Qf2 Rxe4 28. dxe4 f6
29. Kh2 Bxe4 30. Rfc5 Rxc5 31. Rxc5 Qe6 32. Qxd4 Qxg4 33. Qc4+ Kh7 34. Bc3 b6
35. Rc7 b5 36. Qxb5 Bf5 37. Be1 Qh3+ 38. Kg1 Be4 39. Kf2 Qg2+ 40. Ke3 Bd5 41.
Qe8 Qh1 42. Qe7 Qh6 43. b5 f5 44. Bc3 g4+ 45. Kd3 Be4+ 46. Kc4 1-0

[Event "Moscow Open A 2015"]
[Site "Moscow RUS"]
[Date "2015.02.07"]
[Round "8.84"]
[White "Vokhidov, Shamsiddin"]
[Black "Golubev, Roman"]
[Result "0-1"]
[BlackTitle "FM"]
[WhiteElo "2218"]
[BlackElo "2348"]
[WhiteFideId "14204223"]
[BlackFideId "14202344"]
[EventDate "2015.01.31"]

1. e4 e5 2. Nf3 Nc6 3. Bb5 a6 4. Ba4 Nf6 5. O-O Be7 6. Re1 b5 7. Bb3 d6 8. c3
O-O 9. h3 Nb8 10. d4 Nbd7 11. Nbd2 Bb7 12. Bc2 Re8 13. Nf1 Bf8 14. Ng3 g6 15. a4
c5 16. d5 c4 17. Bg5 Be7 18. Bh6 Nc5 19. Qd2 Nfd7 20. Nh2 bxa4 21. Bxa4 Nxa4 22.
Rxa4 a5 23. Be3 Ba6 24. Nhf1 Bb5 25. Raa1 Qc7 26. Qe2 Rec8 27. Qg4 Nf6 28. Qf3
h5 29. Bh6 h4 30. Ne2 Nh7 31. g3 hxg3 32. Qxg3 Qd8 33. Ne3 Bd7 34. Nf5 Bxf5 35.
exf5 Bh4 36. Qg4 g5 37. Kh1 Qf6 38. Bxg5 Qxg5 39. Rg1 Kh8 40. Qe4 Qh6 41. f4 Bf6
42. Rg3 Rg8 43. Rag1 Rxg3 44. Rxg3 Rg8 45. Rxg8+ Kxg8 46. Kh2 exf4 47. Qxc4 Be5
48. Kg2 Qg5+ 49. Kf3 Qh5+ 50. Kf2 Qxf5 0-1

[Event "Moscow Open A 2015"]
[Site "Moscow RUS"]
[Date "2015.02.07"]
[Round "8.85"]
[White "Tenikashvili, Georgij"]
[Black "Velichko, Arseny"]
[Result "1/2-1/2"]
[WhiteTitle "FM"]
[WhiteElo "2348"]
[BlackElo "2118"]
[WhiteFideId "4134605"]
[BlackFideId "24179752"]
[EventDate "2015.01.31"]

1. d4 d5 2. c4 c6 3. Nc3 Nf6 4. Nf3 e6 5. e3 Nbd7 6. Qc2 Bd6 7. Bd3 O-O 8. O-O
dxc4 9. Bxc4 b5 10. Bd3 Bb7 11. h3 h6 12. a3 a6 13. b4 a5 14. Rb1 axb4 15. axb4
Qe7 16. e4 e5 17. dxe5 Nxe5 18. Nxe5 Bxe5 19. Ne2 Rfd8 20. f4 Bc7 21. Bb2 Bb6+
22. Kh1 Rac8 23. Ng3 c5 24. bxc5 Rxc5 25. Qe2 b4 26. e5 Ne8 27. Be4 Bxe4 28.
Qxe4 Rcd5 29. Qf3 Qc5 30. Qg4 Qc2 31. e6 Qg6 32. Qxg6 fxg6 33. f5 g5 34. Ne4 Bd4
35. Bxd4 Rxd4 36. Nc5 Nf6 37. Na6 Ne4 38. Rfe1 Ng3+ 39. Kh2 Nxf5 40. Nxb4 Rb8
41. Nc6 Rxb1 42. Rxb1 Re4 43. Rb8+ Kh7 44. e7 Nxe7 45. Re8 Re6 46. Nxe7 h5 47.
Kg3 Re3+ 48. Kf2 Re6 49. Kf3 Re1 50. g3 Re6 51. h4 gxh4 52. gxh4 Re1 1/2-1/2

[Event "Moscow Open A 2015"]
[Site "Moscow RUS"]
[Date "2015.02.07"]
[Round "8.86"]
[White "Savitskiy, Sergey"]
[Black "Goltsev, Dmitry"]
[Result "1-0"]
[WhiteTitle "FM"]
[WhiteElo "2325"]
[BlackElo "2111"]
[WhiteFideId "24105660"]
[BlackFideId "24176710"]
[EventDate "2015.01.31"]

1. e4 c5 2. Nf3 e6 3. d4 cxd4 4. Nxd4 a6 5. Nc3 Qc7 6. f4 d6 7. Qf3 Nf6 8. Be3
Nc6 9. O-O-O Be7 10. Rg1 h5 11. h3 Nxd4 12. Bxd4 b5 13. Bd3 Bb7 14. a3 e5 15.
Be3 h4 16. Kb1 Bc6 17. fxe5 dxe5 18. g3 b4 19. axb4 Bxb4 20. Nd5 Bxd5 21. exd5
Qb7 22. Bc1 Kf8 23. gxh4 Re8 24. Rxg7 Qb6 25. Be3 Qd6 26. Bg5 e4 27. Qxf6 Qxf6
28. Bxf6 Rh6 29. Bd4 exd3 30. Rxd3 Rxh4 31. Rg2 Ree4 32. c3 Bd6 33. Rf2 Ke8 34.
Kc2 Rh5 35. Rdf3 Rxd5 36. Rxf7 Rh4 37. Ra7 a5 38. Re2+ Kf8 39. Bg7+ Kg8 40. Re8+ 1-0

[Event "Moscow Open A 2015"]
[Site "Moscow RUS"]
[Date "2015.02.07"]
[Round "8.87"]
[White "Amangeldiyev, Gurbangeldi, "]
[Black "Schekachikhin, Maksim"]
[Result "1/2-1/2"]
[BlackTitle "FM"]
[WhiteElo "2153"]
[BlackElo "2306"]
[WhiteFideId "14002302"]
[BlackFideId "24177830"]
[EventDate "2015.01.31"]

1. d4 Nf6 2. Nf3 e6 3. c4 Bb4+ 4. Nc3 c5 5. e3 d6 6. Bd2 Nc6 7. Qc2 O-O 8. a3
Ba5 9. Bd3 Re8 10. dxc5 dxc5 11. O-O-O Qe7 12. Ne4 Bxd2+ 13. Rxd2 h6 14. Rhd1 e5
15. Nxf6+ Qxf6 16. Be4 Be6 17. Qc3 Bf5 18. Rd6 Re6 19. Rxe6 Qxe6 20. Bd5 Qf6 21.
Bxc6 Qxc6 22. Qxe5 Be6 23. b3 b5 24. Rd6 Qe8 25. Nd2 bxc4 26. Nxc4 Qb5 27. Qc3
Rb8 28. Kc2 Qb7 29. f3 Qe7 30. Rd3 Qh4 31. e4 Qxh2 32. Qe5 Qxe5 33. Nxe5 f5 34.
Nc6 fxe4 35. fxe4 Rf8 36. Kc3 Rf2 37. g3 Ra2 38. Rd6 Kf7 39. e5 Bg4 40. Nd8+ Ke8
41. Nb7 Rg2 42. Rd3 Re2 43. Nxc5 Rxe5 44. Kc4 Rh5 45. b4 Ke7 46. a4 1/2-1/2

[Event "Moscow Open A 2015"]
[Site "Moscow RUS"]
[Date "2015.02.07"]
[Round "8.88"]
[White "Kruzhilin, Aleksey"]
[Black "Batyuk, Artem"]
[Result "1/2-1/2"]
[WhiteElo "2141"]
[BlackElo "2306"]
[WhiteFideId "24177547"]
[BlackFideId "34115088"]
[EventDate "2015.01.31"]

1. d4 Nf6 2. c4 c5 3. d5 b5 4. cxb5 a6 5. bxa6 g6 6. Nc3 Bxa6 7. Nf3 d6 8. g3
Nbd7 9. Rb1 Bg7 10. Bg2 Nb6 11. b3 Bb7 12. Nh4 O-O 13. O-O Nfd7 14. Bb2 Bxc3 15.
Bxc3 Rxa2 16. e4 Nf6 17. Ra1 Rxa1 18. Qxa1 Nbd7 19. Qb2 Qb6 20. Ra1 Ra8 21.
Rxa8+ Bxa8 22. Bf3 Bb7 23. Ng2 Ba6 24. Ne3 Bd3 25. e5 dxe5 26. Bxe5 Nxe5 27.
Qxe5 Qd6 28. Qc3 Be4 29. Bxe4 Nxe4 30. Qd3 Qe5 31. Kg2 f5 32. Nc4 Qa1 33. d6
exd6 34. Qd5+ Kg7 35. Nxd6 Nxd6 36. Qxd6 1/2-1/2

[Event "Moscow Open A 2015"]
[Site "Moscow RUS"]
[Date "2015.02.07"]
[Round "8.89"]
[White "Bykov, Egor"]
[Black "Geivondian, Arman"]
[Result "0-1"]
[WhiteElo "2109"]
[BlackElo "2304"]
[WhiteFideId "34115290"]
[BlackFideId "24102032"]
[EventDate "2015.01.31"]

1. d4 c5 2. c3 cxd4 3. cxd4 d5 4. Nc3 e5 5. dxe5 d4 6. Ne4 Qa5+ 7. Nd2 Nc6 8.
Nf3 Bg4 9. h3 Bxf3 10. gxf3 Qxe5 11. Qb3 Qc7 12. Bg2 Bd6 13. O-O Nge7 14. Ne4
Bh2+ 15. Kh1 O-O 16. Nc5 Bf4 17. Nd3 Bd6 18. f4 Rfe8 19. Re1 Ng6 20. Kg1 Rab8
21. e3 dxe3 22. fxe3 Nh4 23. Bh1 Re6 24. Bd2 Rh6 25. Kh2 Qd7 26. Nf2 Bxf4+ 27.
exf4 Qxd2 28. Qe3 Qxe3 29. Rxe3 Nf5 30. Rd3 Re6 31. Be4 Nd6 32. Bf3 Nc4 33. Rc1
Nb6 34. Ne4 Re7 35. Nc5 Nd8 36. Rcd1 Ne6 37. Nxe6 fxe6 38. Rd8+ Rxd8 39. Rxd8+
Kf7 40. Rh8 Rc7 41. Kg3 h6 42. Rb8 Nd5 43. f5 Kf6 44. fxe6 Kxe6 45. Rd8 Nf6 46.
Rd2 Kf7 47. a3 b6 48. Rg2 g6 49. Rf2 Kg7 50. Re2 Rd7 51. Rc2 Re7 52. Rc4 Nh7 53.
h4 Nf6 54. Rc2 h5 55. Rc4 Ng8 56. Be4 Nh6 57. Kf3 Rf7+ 58. Kg3 Nf5+ 59. Bxf5
Rxf5 60. Rc7+ Rf7 61. Rc6 Rd7 62. Rc3 a5 63. a4 Rd4 64. b3 Rg4+ 65. Kh3 Rb4 66.
Rf3 Kh6 67. Rd3 Kg7 68. Rf3 Re4 69. Kg3 Rd4 70. Kh3 Rb4 71. Kg3 g5 72. hxg5 Kg6
73. Rd3 Kxg5 74. Rf3 Kh6 75. Kh3 Kg6 76. Kg3 Kg5 77. Kh3 h4 78. Rd3 Kf5 79. Rc3
Ke5 80. Re3+ Kd4 81. Rf3 Ke4 82. Kg2 Ke5 83. Rc3 Rg4+ 84. Kf2 Rg3 85. Rc4 Rxb3
86. Rxh4 Rb4 87. Rh6 Kd4 88. Rc6 Kd5 0-1

[Event "Moscow Open A 2015"]
[Site "Moscow RUS"]
[Date "2015.02.07"]
[Round "8.90"]
[White "Glukhov, Alexander"]
[Black "Aliyev, Ravan"]
[Result "1/2-1/2"]
[WhiteElo "2296"]
[BlackElo "2070"]
[WhiteFideId "4178882"]
[BlackFideId "13409980"]
[EventDate "2015.01.31"]

1. e4 d6 2. d4 g6 3. Nc3 Bg7 4. Be3 c6 5. Qd2 Nd7 6. Nf3 Qc7 7. Bc4 Ngf6 8. Bh6
O-O 9. h4 b5 10. Bd3 e5 11. dxe5 Nxe5 12. Nxe5 dxe5 13. h5 Be6 14. Bxg7 Kxg7 15.
hxg6 fxg6 16. O-O-O b4 17. Na4 Qa5 18. b3 c5 19. c4 bxc3 20. Qxc3 Qxc3+ 21. Nxc3 1/2-1/2

[Event "Moscow Open A 2015"]
[Site "Moscow RUS"]
[Date "2015.02.07"]
[Round "8.91"]
[White "Bazeev, German"]
[Black "Mukhitdinov, Akmalkhon"]
[Result "1-0"]
[WhiteElo "2374"]
[BlackElo "2218"]
[WhiteFideId "24119350"]
[BlackFideId "24150851"]
[EventDate "2015.01.31"]

1. d4 d5 2. Nf3 Nf6 3. c4 e6 4. g3 dxc4 5. Bg2 Bb4+ 6. Bd2 a5 7. O-O O-O 8. Qc2
Bxd2 9. Nbxd2 b5 10. b3 cxb3 11. Nxb3 Bb7 12. Nc5 Bxf3 13. Bxf3 c6 14. Rfd1 Nd5
15. e4 Nb6 16. e5 Nd5 17. Nb7 Qb6 18. Nd6 Ra7 19. Be4 f5 20. Bxd5 cxd5 21. Rac1
Ra6 22. Qc8 g6 23. Qxe6+ Kh8 24. Qe7 1-0

[Event "Moscow Open A 2015"]
[Site "Moscow RUS"]
[Date "2015.02.07"]
[Round "8.92"]
[White "Kanter, Eduard"]
[Black "Gurvich, Vitaly"]
[Result "1/2-1/2"]
[WhiteTitle "IM"]
[WhiteElo "2369"]
[BlackElo "2216"]
[WhiteFideId "4103963"]
[BlackFideId "24164852"]
[EventDate "2015.01.31"]

1. d4 Nf6 2. c4 g6 3. Nc3 Bg7 4. e4 d6 5. Be2 O-O 6. Bg5 Na6 7. Nf3 c6 8. O-O e5
9. Qd2 exd4 10. Nxd4 Nc5 11. f3 Nfxe4 12. Nxe4 Nxe4 13. fxe4 Bxd4+ 14. Qxd4 Qxg5
15. Qxd6 Be6 16. Qb4 Qe3+ 17. Rf2 b6 18. Bf3 Qd4 19. Rc1 c5 20. Qc3 Rad8 21. b3
Qxc3 22. Rxc3 Rd4 23. Re2 Rfd8 24. Kf2 a5 25. a4 Rd3 26. Rxd3 Rxd3 27. Re3 Rd2+
28. Kg3 f6 29. h4 Kf7 30. Kf4 h6 31. g4 g5+ 32. hxg5 hxg5+ 33. Kg3 Kg6 34. e5 f5
35. gxf5+ Bxf5 36. Be2 Rd4 37. Kf2 Re4 38. Rg3 g4 39. Bd3 Rxe5 40. Be2 Be6 41.
Bxg4 Bxg4 42. Rxg4+ 1/2-1/2

[Event "Moscow Open A 2015"]
[Site "Moscow RUS"]
[Date "2015.02.07"]
[Round "8.93"]
[White "Savenkov, Konstantin"]
[Black "Elistratov, Semen"]
[Result "1-0"]
[WhiteTitle "FM"]
[WhiteElo "2363"]
[BlackElo "2206"]
[WhiteFideId "4138600"]
[BlackFideId "24134325"]
[EventDate "2015.01.31"]

1. e4 c5 2. Nf3 d6 3. Bb5+ Nd7 4. O-O a6 5. Bxd7+ Bxd7 6. d4 cxd4 7. Qxd4 e5 8.
Qd3 h6 9. c4 b5 10. Nc3 bxc4 11. Qxc4 Nf6 12. Rd1 Qc8 13. Qd3 Be7 14. b3 Qb7 15.
Nd2 Be6 16. Nf1 O-O 17. Ne3 Rac8 18. f3 Qb6 19. Kh1 Rfd8 20. Bb2 Rc7 21. Rac1
Qa5 22. b4 Qb6 23. Na4 Qb7 24. Rxc7 Qxc7 25. Qxa6 Bxa2 26. Rc1 Qb8 27. b5 Be6
28. b6 Bd7 29. b7 d5 30. Nb6 Qd6 31. Rc8 Qb4 32. Rxd8+ 1-0

[Event "Moscow Open A 2015"]
[Site "Moscow RUS"]
[Date "2015.02.07"]
[Round "8.94"]
[White "Rodchenkov, Vitaly"]
[Black "Dzhaumutbaev, Erzhan"]
[Result "1/2-1/2"]
[WhiteTitle "FM"]
[WhiteElo "2356"]
[BlackElo "2190"]
[WhiteFideId "4152964"]
[BlackFideId "4191110"]
[EventDate "2015.01.31"]

1. e4 e6 2. d4 d5 3. Nd2 Nf6 4. e5 Nfd7 5. Bd3 c5 6. c3 Nc6 7. Ne2 cxd4 8. cxd4
Nb6 9. O-O a5 10. Nf3 Bd7 11. a4 Be7 12. Nf4 g6 13. b3 Nb4 14. Be2 Qc7 15. Ne1
Nc8 16. Nfd3 Na7 17. Nxb4 Bxb4 18. Bg5 Nc6 19. Rc1 Qb6 20. Bb5 Ba3 21. Bxc6 bxc6
22. Rc3 Bb2 23. Rd3 Bc8 24. Qd2 Ba3 25. Nc2 Bf8 26. Rc3 Ba6 27. Rc1 h6 28. Bf6
Rg8 29. h4 Rc8 30. Qf4 Kd7 31. h5 g5 32. Qg4 Kc7 33. f4 Bb4 34. Nxb4 Qxd4+ 35.
Kh2 axb4 36. Rxc6+ Kb8 37. Rxc8+ Rxc8 38. Rxc8+ Kxc8 39. Bg7 Qxf4+ 40. Qxf4 gxf4
41. Kh3 Be2 42. Kh4 Bd1 43. Bf8 Bxb3 44. a5 d4 45. Bxb4 f6 46. exf6 e5 47. g4
Be6 48. Bd2 Kd7 49. a6 Bd5 50. g5 hxg5+ 51. Kxg5 f3 52. Be1 d3 53. h6 d2 54.
Bxd2 f2 55. h7 f1=Q 56. h8=Q Qg2+ 57. Kf5 Qe4+ 58. Kg5 Qg2+ 1/2-1/2

[Event "Moscow Open A 2015"]
[Site "Moscow RUS"]
[Date "2015.02.07"]
[Round "8.95"]
[White "Rozhko, Dmitry"]
[Black "Karpenko, Artem"]
[Result "1-0"]
[WhiteTitle "FM"]
[WhiteElo "2354"]
[BlackElo "2188"]
[WhiteFideId "4150430"]
[BlackFideId "24175595"]
[EventDate "2015.01.31"]

1. d4 d5 2. Bf4 Nf6 3. e3 c5 4. c3 Qb6 5. Qb3 Nc6 6. Nd2 g6 7. h3 c4 8. Qc2 Bf5
9. Qc1 Bg7 10. Ngf3 O-O 11. Ne5 Rfc8 12. g4 Be6 13. Bg2 Qd8 14. Qd1 Nd7 15. Nxd7
Qxd7 16. Qf3 Rd8 17. g5 Bf5 18. Qg3 Re8 19. Nf3 f6 20. gxf6 exf6 21. Nd2 Bd3 22.
h4 Rad8 23. Bc7 Rc8 24. Bd6 Rcd8 25. Ba3 b5 26. Bc5 a5 27. h5 g5 28. h6 Bf8 29.
Bxf8 Rxf8 30. f4 g4 31. Rh5 Bf5 32. Kf2 Kh8 33. e4 dxe4 34. Nf1 Bg6 35. Rc5 Nb4
36. f5 Nd3+ 37. Kg1 Bxf5 38. Rc7 Qd6 39. Qxd6 Rxd6 40. a4 b4 41. Ne3 Rd7 42.
Rxc4 Nxb2 43. Rc5 Bg6 44. cxb4 axb4 45. a5 Nd3 46. Rb5 f5 47. a6 Ra7 48. Bf1 Kg8
49. Bxd3 exd3 50. Rxb4 Rf6 51. Rb8+ Kf7 52. Rb7+ Rxb7 53. axb7 Rb6 54. Nc4 Rb4
55. Kf2 Ke6 56. Ra6+ Kd7 57. Rxg6 Rxb7 58. Rg7+ Kc6 59. Na5+ 1-0

[Event "Moscow Open A 2015"]
[Site "Moscow RUS"]
[Date "2015.02.07"]
[Round "8.96"]
[White "Nuzhdin, Andrey"]
[Black "Atabayev, Saparmyrat"]
[Result "0-1"]
[BlackTitle "FM"]
[WhiteElo "2183"]
[BlackElo "2332"]
[WhiteFideId "24130362"]
[BlackFideId "14000571"]
[EventDate "2015.01.31"]

1. d4 Nf6 2. Nf3 g6 3. c3 Bg7 4. Bg5 Ne4 5. h4 d6 6. Nbd2 Nxg5 7. Nxg5 e5 8. Qb3
Qe7 9. dxe5 Bxe5 10. e4 Bf4 11. O-O-O Nd7 12. g3 Nc5 13. Qd5 Bxd2+ 14. Rxd2 f6
15. Bb5+ Kf8 16. Qd4 Rg8 17. Nxh7+ Qxh7 18. Qxf6+ Qf7 19. Rxd6 cxd6 20. Qxd6+
Qe7 21. Qf4+ Kg7 22. h5 g5 23. h6+ Kh7 24. Qe3 Be6 25. b4 Nd7 26. f4 gxf4 27.
gxf4 Rac8 28. a3 Nf6 29. Bd3 Rxc3+ 30. Kb2 Rb3+ 31. Kc2 Rc8+ 32. Kd1 Rxd3+ 0-1

[Event "Moscow Open A 2015"]
[Site "Moscow RUS"]
[Date "2015.02.07"]
[Round "8.97"]
[White "Yeletsky, Ivan"]
[Black "Payanidi, Janis"]
[Result "1-0"]
[WhiteTitle "FM"]
[WhiteElo "2315"]
[BlackElo "2167"]
[WhiteFideId "24180327"]
[BlackFideId "24128490"]
[EventDate "2015.01.31"]

1. d4 Nf6 2. c4 e6 3. Nc3 Bb4 4. e3 c5 5. Ne2 cxd4 6. exd4 O-O 7. a3 Be7 8. d5
d6 9. Ng3 Nbd7 10. Be2 exd5 11. cxd5 Ne5 12. O-O Re8 13. Be3 Bf8 14. Rc1 a6 15.
h3 b5 16. Na2 Bb7 17. Nb4 Rc8 18. Qb3 Qd7 19. Bg5 Rxc1 20. Rxc1 Be7 21. f4 Ng6
22. Nc6 h6 23. Bxf6 Bxf6 24. Bg4 Qc7 25. Nh5 Qb6+ 26. Kh2 Qe3 27. Qxe3 Rxe3 28.
Rc2 Kh7 29. Kg1 Bh4 30. Rd2 Ne7 31. g3 Bf6 32. Nxf6+ gxf6 33. Kf2 Bxc6 34. dxc6
Re4 35. Rc2 f5 36. Bf3 Re6 37. c7 Nc8 38. Re2 d5 39. Bxd5 1-0

[Event "Moscow Open A 2015"]
[Site "Moscow RUS"]
[Date "2015.02.07"]
[Round "8.98"]
[White "Tutisani, Noe"]
[Black "Mamyrbay, Assad"]
[Result "0-1"]
[WhiteElo "2308"]
[BlackElo "2152"]
[WhiteFideId "13602853"]
[BlackFideId "13708880"]
[EventDate "2015.01.31"]

1. e4 e5 2. Nf3 Nc6 3. Bb5 Nf6 4. O-O Nxe4 5. d4 Nd6 6. Bxc6 dxc6 7. dxe5 Nf5 8.
Qxd8+ Kxd8 9. h3 Bd7 10. Rd1 Be7 11. c4 Kc8 12. Nc3 h6 13. b3 b6 14. Bb2 Nh4 15.
Nxh4 Bxh4 16. Ne2 h5 17. Rd2 Be7 18. Rad1 Bf5 19. Rd4 Bc2 20. R1d2 Bg6 21. f3
Bg5 22. Nf4 c5 0-1

[Event "Moscow Open A 2015"]
[Site "Moscow RUS"]
[Date "2015.02.07"]
[Round "8.99"]
[White "Selivanov, Ivan"]
[Black "Sysoev, Vjacheslav"]
[Result "0-1"]
[BlackTitle "FM"]
[WhiteElo "2149"]
[BlackElo "2306"]
[WhiteFideId "24199060"]
[BlackFideId "4198689"]
[EventDate "2015.01.31"]

1. e4 g6 2. d4 Bg7 3. Be3 d6 4. Nc3 a6 5. Qd2 b5 6. f3 Nd7 7. h4 h6 8. O-O-O Bb7
9. g4 c6 10. Kb1 Qc7 11. Nh3 O-O-O 12. g5 h5 13. Nf2 Nb6 14. b3 e6 15. Nd3 c5
16. Nf4 cxd4 17. Bxd4 Bxd4 18. Ncd5 Nxd5 19. Nxd5 exd5 20. Qxd4 Ne7 21. Qa7 Qc5 0-1

[Event "Moscow Open A 2015"]
[Site "Moscow RUS"]
[Date "2015.02.07"]
[Round "8.100"]
[White "Rakhimgaliyev, Yerlan"]
[Black "Feduk, Viktor"]
[Result "1/2-1/2"]
[WhiteTitle "FM"]
[WhiteElo "2302"]
[BlackElo "2112"]
[WhiteFideId "13705148"]
[BlackFideId "4173368"]
[EventDate "2015.01.31"]

1. b3 e5 2. Bb2 Nc6 3. e3 d5 4. Bb5 f6 5. Nf3 Ne7 6. O-O Bg4 7. Be2 Qd7 8. d3
O-O-O 9. Nbd2 h5 10. c4 g5 11. Rc1 h4 12. cxd5 Nxd5 13. Ne4 Be6 14. a4 g4 15.
Nxf6 Nxf6 16. Nxe5 Nxe5 17. Bxe5 Be7 18. Rxc7+ Qxc7 19. Bxc7 Kxc7 20. Qa1 Rh5
21. b4 Nd5 22. b5 Bd6 23. Qg7+ Ne7 24. Bxg4 Bxg4 25. Qxg4 Rhh8 26. d4 Rhg8 27.
Qh3 Nd5 28. a5 Nb4 29. e4 Kb8 30. a6 bxa6 31. bxa6 Nxa6 32. Rb1+ Bb4 33. Qe6 Kb7
34. d5 Rc8 35. e5 Rge8 36. Qd6 Rc1+ 37. Rxc1 Bxd6 38. exd6 Nb4 39. d7 Rd8 40.
Rc4 a5 41. Rxh4 Kb6 42. g4 a4 43. g5 Kc5 44. Rh3 Nxd5 45. g6 Rxd7 46. f4 Nxf4
47. Rh4 Ne2+ 48. Kf2 Nd4 49. Rh7 Rd6 50. Ra7 Kb4 51. g7 Rg6 52. h4 Nf5 53. h5
Rg5 54. Rb7+ Kc4 55. Rc7+ Kd5 56. Ra7 Ke6 57. h6 Nxh6 58. Ra6+ Kf7 59. Rxh6 Ra5
60. Rg6 Ra8 61. Rg1 1/2-1/2

[Event "Moscow Open A 2015"]
[Site "Moscow RUS"]
[Date "2015.02.07"]
[Round "8.101"]
[White "Mezentsev, Ivan"]
[Black "Uraev, Ivan"]
[Result "0-1"]
[BlackTitle "FM"]
[WhiteElo "2078"]
[BlackElo "2287"]
[WhiteFideId "13706195"]
[BlackFideId "4192443"]
[EventDate "2015.01.31"]

1. e4 c5 2. Nf3 d6 3. d4 cxd4 4. Nxd4 e6 5. Nc3 a6 6. a4 Nf6 7. g3 Be7 8. Bg2
Qc7 9. O-O Nbd7 10. g4 Ne5 11. g5 Nfd7 12. f4 Nc6 13. Be3 Na5 14. Nde2 b6 15.
Bd4 O-O 16. Ng3 Re8 17. Nh5 Bf8 18. f5 Ne5 19. Rf4 Qd8 20. h4 Bb7 21. Qf1 Nac6
22. Be3 Nb4 23. Qe2 d5 24. exd5 exd5 25. Qf2 Ng4 26. Rxg4 Rxe3 27. Kh1 Bc5 28.
Qd2 Re5 29. Ne2 Nc6 30. Rf1 Be3 31. Qd3 d4 32. Neg3 Nb4 33. Qb3 Bxg2+ 34. Kxg2
Qd5+ 35. Qxd5 Nxd5 36. Re1 Rc8 37. Re2 Kf8 38. Kf3 g6 39. fxg6 hxg6 40. Nf6 Nxf6
41. gxf6 Rc6 42. Ne4 Bc1 43. b3 Rce6 44. Re1 Bh6 45. Rd1 Rf5+ 46. Ke2 Rfxf6 47.
Rxd4 Ke7 48. Rc4 Rf5 49. Rg1 Rf4 50. Kd3 Rf3+ 51. Ke2 Re3+ 0-1

[Event "Moscow Open A 2015"]
[Site "Moscow RUS"]
[Date "2015.02.07"]
[Round "8.102"]
[White "Askerov, Marat"]
[Black "Dovletov, Hajugurban"]
[Result "0-1"]
[WhiteElo "2283"]
[BlackElo "2097"]
[WhiteFideId "24175200"]
[BlackFideId "14003600"]
[EventDate "2015.01.31"]

1. d4 Nf6 2. c4 g6 3. Nf3 Bg7 4. g3 O-O 5. Bg2 c6 6. O-O d5 7. Qc2 dxc4 8. Qxc4
Be6 9. Qc2 Na6 10. e4 Nb4 11. Qa4 a5 12. a3 Nd3 13. Nc3 Nxc1 14. Raxc1 Bh6 15.
Rcd1 b5 16. Qc2 Bc4 17. Rfe1 a4 18. Nxa4 Rxa4 19. b3 Bxb3 20. Qxb3 Qa5 21. Ra1
Nd7 22. Bh3 e6 23. Kg2 Bg7 24. Bxe6 fxe6 25. Qxe6+ Kh8 26. Qxd7 Qc3 27. Qg4 h5
28. Qxg6 Qxf3+ 29. Kh3 Rxd4 30. Rac1 Rf6 31. Qe8+ Kh7 32. Rc5 Qg4+ 33. Kg2 Rxf2+
34. Kg1 Rg2+ 35. Kxg2 Rd2+ 36. Kg1 Bd4+ 0-1

[Event "Moscow Open A 2015"]
[Site "Moscow RUS"]
[Date "2015.02.07"]
[Round "8.103"]
[White "Aslanov, Sergei"]
[Black "Galaktionov, Artem"]
[Result "0-1"]
[WhiteElo "2273"]
[BlackElo "2081"]
[WhiteFideId "4180828"]
[BlackFideId "24175471"]
[EventDate "2015.01.31"]

1. e4 c6 2. d4 d5 3. e5 Bf5 4. h4 h5 5. c4 e6 6. Nc3 Ne7 7. Bg5 a6 8. Rc1 Nd7 9.
cxd5 cxd5 10. Bd3 Bxd3 11. Qxd3 Qb6 12. Nge2 Nc6 13. Rh3 Rc8 14. Rf3 Ndxe5 15.
Qe3 Nxf3+ 16. gxf3 Bb4 17. Kf1 Bxc3 18. Rxc3 Kd7 0-1

[Event "Moscow Open A 2015"]
[Site "Moscow RUS"]
[Date "2015.02.07"]
[Round "8.104"]
[White "Nazarov, Rustem"]
[Black "Ageichenko, Genadi A"]
[Result "0-1"]
[BlackTitle "IM"]
[WhiteElo "2059"]
[BlackElo "2269"]
[WhiteFideId "14002280"]
[BlackFideId "4105222"]
[EventDate "2015.01.31"]

1. e4 c5 2. Nf3 e6 3. d4 cxd4 4. Nxd4 Nc6 5. Nc3 a6 6. Be2 Qc7 7. O-O Nf6 8. Be3
Bb4 9. Na4 b5 10. Nxc6 Qxc6 11. Nb6 Rb8 12. e5 Bb7 13. Bf3 Ne4 14. Qd3 d5 15.
exd6 Bxd6 16. Rfe1 f5 17. Rad1 Rd8 18. Bxe4 fxe4 19. Qc3 Qxc3 20. bxc3 Bc7 21.
c4 bxc4 22. Rxd8+ Bxd8 23. Nxc4 Bd5 24. Nd6+ Kd7 25. Nf7 Ba5 26. Rd1 Rf8 27. c4
Rxf7 28. cxd5 Rf5 29. dxe6+ Kxe6 30. Rd4 Re5 31. Bf4 Rb5 32. g3 Kf5 33. Ra4 Bb6
34. Rxa6 Rb1+ 35. Kg2 Rb2 36. Kh3 g5 37. Rxb6 Rxb6 38. Bd2 h5 0-1